Κατάλογος Βιβλιοθηκών Mediterranean College

Οδηγός Εκπαιδευτικού για το Πρόγραμμα Σπουδών του Νηπιαγωγείου (Record no. 2302)

MARC details
000 -LEADER
fixed length control field 01311cam a22001694a 4500
005 - ΗΜΕΡΟΜΗΝΙΑ ΚΑΙ ΩΡΑ ΤΕΛΕΥΤΑΙΑΣ ΕΝΗΜΕΡΩΣΗΣ
Πεδίο ελέγχου 20250605163324.0
008 - FIXED-LENGTH DATA ELEMENTS--GENERAL INFORMATION
Πεδίο ελέγχου σταθερού μήκους 250528s ||||||||||||||||||||||||d
035 ## - SYSTEM CONTROL NUMBER
System control number 16850
040 ## - ΠΗΓΗ ΚΑΤΑΛΟΓΟΓΡΑΦΗΣΗΣ
Φορέας πρωτότυπης καταλογογράφησης MC Athens Campus Library
Γλώσσα καταλογογράφησης Ελληνικά, Μοντέρνα (1453-)
Modifying agency MC Athens Campus Library
Κανόνες περιγραφικής καταλογογράφησης AACR2
245 1# - ΤΙΤΛΟΣ ΚΑΙ ΔΗΛΩΣΗ ΥΠΕΥΘΥΝΟΤΗΤΑΣ
Τίτλος Οδηγός Εκπαιδευτικού για το Πρόγραμμα Σπουδών του Νηπιαγωγείου
260 ## - PUBLICATION, DISTRIBUTION, ETC.
Name of publisher, distributor, etc. Εσπα,
Date of publication, distribution, etc. 2011
300 ## - PHYSICAL DESCRIPTION
Extent 148
520 ## - SUMMARY, ETC.
Summary, etc. Εισαγωγή, Παιδαγωγικές Αρχές Προγράμματος Σπουδών, Βασικές Αρχές για τη Μάθηση και τη Διδασκαλία στην Προσχολική Εκπαίδευση, Αναγνωρίζοντας τη Διαφορετικότητα και Αναπτύσσοντας Διαφοροποιημένες Προσεγγίσεις, Οργανώνοντας Μαθησιακές Εμπειρίες, Η Σημασία της Συνεργασίας Σχολείου και Οικογένειας, Διευκολύνοντας τις Μεταβάσεις Παιδιών και Οικογενειών, Το Πρόγραμμα για την Προώθηση της Προσωπικής και Κοινωνικής Ανάπτυξης, Βιβλιογραφία, Παράρτημα.
942 ## - ADDED ENTRY ELEMENTS (KOHA)
Koha item type Books
Holdings
Τύπος τεκμηρίου Βιβλιοθήκη Τρέχουσα τοποθεσία Barcode Αριθμός εισαγωγής Ημερομηνία απόκτησης Ταξιθετικό σύμβολο Αριθμός αντιτύπου Κατάσταση απόσυρσης Κατάσταση χαμένου Κατάσταση κατεστραμμένου Μη δανεισμός Σύνολο δανεισμών Ημερομηνία τελευταίας εμφάνισης Η τιμή ισχύει από
Books MC Athens Campus Library MC Athens Campus Library 9780000023018 5450 05/06/2025 REF 370.732/62 EKT 1           05/06/2025 05/06/2025

MC Athens Campus Library
Πατησίων 94 & Κοδριγκτώνος 13, 104 34
Πελλήνης 8 & Πατησίων 107, 112 51
Τ: +30 210 8899600

MC Thessaloniki Campus Library
Ίωνος Δραγούμη 21, 54625 | Ίωνος Δραγούμη 15, 54625
Τ: +30 2310 287779 – Τ: +30 2314 440300